Piłkarze SSC Napoli - nagła śmierć - Statystyki

Ogólne statystyki
  • Ten quiz został rozwiązany 173 razy
  • Średni wynik to 14 z 17
Answers on the Grid
Answers color-coded by a green-red scale on the quiz's grid according to % correct below.
Piotr Zieliński
Bukayo Saka
Arkadiusz Milik
Rafael Leão
Lautaro Martínez
Khvicha Kvaratskhelia
Robin Le Normand
Marek Hamsik
Antonio Rüdiger
Kevin De Bruyne
Victor Osimhen
Nicolò Barella
Romelu Lukaku
Jeremie Frimpong
Dries Mertens
Alexander Isak
Lorenzo Insigne
Théo Hernandez
Ollie Watkins
Gonzalo Higuaín
Nico Williams
Kalidou Koulibaly
Leroy Sané
Ronald Araújo
Jorginho
Marcos Alonso
Edinson Cavani
Youssouf Fofana
Fabián Ruiz
Jonathan Ikoné
Mike Maignan
Scott McTominay
Eduardo Camavinga
Stanislav Lobotka
Ezequiel Lavezzi
Martin Ødegaard
 
Statystyki odpowiedzi
Odpowiedź % Poprawnych
Piotr Zieliński
100%
Arkadiusz Milik
97%
Khvicha Kvaratskhelia
96%
Marek Hamsik
92%
Dries Mertens
90%
Lorenzo Insigne
89%
Kalidou Koulibaly
88%
Victor Osimhen
88%
Kevin De Bruyne
85%
Scott McTominay
85%
Stanislav Lobotka
85%
Romelu Lukaku
84%
Gonzalo Higuaín
83%
Edinson Cavani
72%
Fabián Ruiz
72%
Ezequiel Lavezzi
68%
Jorginho
60%
Nie znaleziono quizów pasujących do podanych kryteriów
Rozkład punktacji
Procent ludzi z każdym wynikiem
Percentyl według liczby udzielonych odpowiedzi
Twoja historia wyników
Nie rozwiązałeś tego quizu